Statistics for Atletico Madrid squad 2019-2020

Click here to take the quiz!

General Stats

  • This quiz has been taken 372 times
    (333 since last reset)
  • The average score is 18 of 24

Answer Stats

PositionNationNumberPlayer% Correct
GKSlovenia13Jan Oblak
100%
LMSpain6Koke
96%
STPortugal7Joao Felix
94%
CBUruguay2Jose Maria Gimenez
92%
CMSpain8Saul
91%
STSpain9Alvaro Morata
89%
CBMontenegro15Stefan Savic
89%
CDMGhana5Thomas Partey
89%
RBEngland23Kieran Trippier
88%
RWArgentina10Angel Correa
85%
CoachArgentina-Diego Simeone
85%
LWFrance11Thomas Lemar
84%
STSpain19Diego Costa
80%
LBBrazil12Renan Lodi
80%
CMMexico16Hector Herrera
79%
RBColombia4Santiago Arias
74%
CBBrazil18Felipe
70%
CMSpain14Marcos Llorente
68%
RBCroatia-Sime Vrsaljko
66%
GKSpain1Antonio Adan
59%
CBSpain22Mario Hermoso
58%
LWSpain20Vitolo
51%
STCroatia21Nikola Kalinic
45%
STSerbia17Ivan Saponjic
39%

Score Distribution

Percentile by Number Answered

Percent of People with Each Score

Your Score History

You have not taken this quiz since the last reset